[Event "FIDE Zonal 2.5 Open 2019"]
[Site "Montevideo"]
[Date "2019.04.13"]
[Round "1.11"]
[White "Rodriguez Vila, Andres"]
[Black "Dotta, Gian Franco"]
[Result "0-1"]
[WhiteElo "2480"]
[BlackElo "1959"]
[Annotator "TA"]
[PlyCount "152"]
[EventDate "2019.04.13"]
[EventType "swiss"]
[EventCountry "URU"]
[SourceTitle "playchess.com"]
[Source "ChessBase"]
[SourceQuality "1"]

{[%evp 14,152,22,12,82,90,93,40,45,36,37,21,27,40,99,74,75,66,68,76,79,54,62,15,16,-34,-19,-27,0,0,0,0,0,0,0,0,0,-8,0,0,0,0,0,0,0,0,0,-43,-57,-108,-108,-159,-153,-156,-186,-349,-62,-73,0,-122,-102,-193,-164,-230,-227,-225,0,-197,-129,-197,-189,-199,-205,-216,0,-93,0,0,0,0,0,0,0,-104,-130,-161,-96,-112,-50,-59,0,0,0,-306,-291,-321,-320,-278,-172,-567,-545,-520,-475,-672,-618,-557,-557,-495,0,0,0,0,0,0,0,0,0,-29994,-29980,-29980,-29981,-29995,-29977,-29980,-29977,-29977,-29978,-29977,-29979,-29986,-29987,-29987,-29988,-29992,-29990,-29990,-29991,-29998,-29998,-29998,-29995]} 1. e4 e6 2. d4 d5 3. e5 c5 4. c3 Qb6 5. Nf3 Bd7 6. Bd3 Bb5 7. dxc5 Bxc5 8. b4 Be7 {C02: French: Advance Variation} (8... Bxd3 $11 9. Qxd3 Be7) (8... Bxd3 9. Qxd3 Be7 10. O-O Nd7 11. Na3 a6 12. c4 Qxb4 13. cxd5 Nc5 14. Qc4 Qxc4 15. Nxc4 exd5 16. Nb6 {½-½ (53) Hector,J (2592)-Bartel,M (2599) Germany 2011}) 9. Be3 $16 Qa6 10. Bxb5+ (10. Bc2 $1 $16) 10... Qxb5 $14 {White is slightly better.} 11. a4 (11. Nd4 {keeps more tension.} Qd7 12. Nd2 Nc6 13. Nxc6 Qxc6 14. Rc1) 11... Qd7 12. O-O Nc6 13. Re1 Nh6 $146 (13... Bd8 $14) ({Predecessor:} 13... Bd8 14. b5 Na5 15. Nbd2 Rc8 16. Bd4 {0-1 (53) Sykora,O (2179)-Danek,P (1917) Marianske Lazne 2016}) 14. Bxh6 $16 gxh6 15. Qd2 Bf8 $1 16. Na3 Bg7 17. Re3 O-O 18. b5 Ne7 19. Nd4 Ng6 20. Rae1 Nxe5 {[%mdl 64] Decoy} 21. Rxe5 Qd6 $1 22. R5e3 Qxa3 23. Rg3 {Qxh6 would kill now.} Kh8 24. Qf4 $1 Rac8 25. b6 a6 $36 {[%mdl 2048] White is under pressure.} (25... Rxc3 $2 26. Rxg7 $1 {[%mdl 512]} Kxg7 27. Nb5 $18) 26. h3 Rxc3 {[#]} 27. Rxg7 $1 {[%mdl 512]} Kxg7 28. Kh2 Rd3 29. Re5 $1 {[%cal Re5h5] [#]} Rxd4 $1 30. Qxd4 $11 {[%cal Re5g5][%mdl 4096] Endgame KQR-KQR} (30. Rg5+ $5 hxg5 31. Qxg5+ Kh8 32. Qf6+ {[%mdl 64] Double Attack} Kg8 33. Qg5+ Kh8 34. Qf6+ {[%mdl 64] Double Attack} Kg8 35. Qg5+ Kh8 $11) 30... Qd6 31. g3 (31. Kh1 $15 f6 32. Qg4+ Kf7 33. Qh5+ Ke7 34. Re2) 31... f6 $17 32. Rh5 (32. Qg4+ $142 Kf7 33. Re2) 32... e5 33. Qg4+ Kh8 34. a5 $2 (34. Rxh6 Qxb6 35. Qe2) 34... Qc5 $2 ({Black should play} 34... d4 $1 $19 {[%cal Rd4d3] White must now prevent ...d3.} 35. Rxh6 d3) 35. Qf5 $15 Kg7 (35... Qxa5 $2 36. Rxh6 Rf7 37. Rxf6 $18) (35... Rf7 $17 36. Rxh6 Qc6) 36. Rh4 (36. Qg4+ $1 $11 {was the only way to keep the balance.} Kh8 37. Qf5) 36... Rf7 (36... Qxa5 37. Qd7+ Rf7 38. Rg4+ Kh8 39. Qe8+ Rf8 40. Qxf8#) 37. Kg2 (37. Rg4+ $17 Kf8 38. Ra4) 37... d4 ({Not} 37... Qxa5 $2 38. Rg4+ Kf8 39. Qc8+ Ke7 40. Qxb7+ Kd6 41. Qxf7 $18) 38. Kg1 (38. Qg4+ $142 Kh8 39. Qf5) 38... Qc1+ $19 ({Don't blunder} 38... Qxa5 $2 39. Rg4+ Kf8 40. Qc8+ Ke7 41. Qxb7+ Kd6 42. Qxf7 $18) 39. Kh2 Qc5 $2 (39... Qc6 $19 40. Qg4+ Kf8) 40. Qh5 $2 (40. Kg1 $1 $11) 40... Kf8 ({Wrong is} 40... Qxa5 $2 41. Qg4+ Kf8 42. Qc8+ Ke7 43. Qxb7+ Ke6 44. Qc6+ Ke7 45. b7 $18) (40... Qc2 $19 41. Qg4+ Kf8) 41. Qxh6+ (41. Qf5 $17 {was necessary.}) 41... Ke7 {...Qc2 is the strong threat.} 42. Qd2 Qd5 43. Rg4 Qc5 $2 (43... Ke6 $19 {Hoping for ...Rd7.} 44. Kg1 d3) 44. h4 (44. Rh4 $11) 44... Qa3 (44... Qc4 $1 $17 45. Rg8 d3) 45. h5 $11 Qd6 46. h6 f5 47. Rg8 f4 48. Rc8 (48. Qc1 $11 {remains equal.}) 48... Qxh6+ $17 49. Kg1 Qe6 (49... Qd6 $1 $19 50. Qd3 Qd5 51. Rc7+ Kf8 52. gxf4 exf4 53. Rxf7+ Kxf7 54. Qxh7+ Ke8 55. Qg6+ Kd7) 50. Rc7+ Kf6 ({Black should try} 50... Kf8 $17 {Threatens to win with ...fxg3.} 51. Qc2 Qd5 52. Rxf7+ Kxf7 53. Qxh7+ Ke8 54. Qh5+ Kd7 55. gxf4 d3 56. Qg4+ Kc6 57. fxe5 d2 58. Qa4+ Kc5) 51. gxf4 $15 Qg4+ ({Better is} 51... Rg7+ $1 $15 52. Rxg7 Kxg7) 52. Kf1 $11 Qxf4 53. Qc2 $2 {[%mdl 8192]} (53. Rxf7+ $1 $11 {and White has nothing to worry.} Kxf7 54. Qc2) 53... Kg5 {aiming for ...d3!} 54. Ke1 h5 55. Rxf7 Qxf7 $19 {KQ-KQ} 56. Qc7 $2 (56. Qe4 {was the crucial defense.}) 56... Qd5 57. Qg7+ Kf5 58. Kd1 (58. Qh6 $142 Qxa5+ 59. Kd1 Qa4+ 60. Ke1 Qa1+ 61. Ke2 Qb2+ 62. Kd1) 58... Qf3+ 59. Ke1 Qc3+ 60. Kd1 d3 $2 (60... Qa1+ $19 61. Kc2 d3+ $1 {[%mdl 512]} 62. Kb3 Qd1+ 63. Kc3 Qa1+ 64. Kb3 Qd1+ 65. Ka3 Qa1+ 66. Kb3) 61. Qf7+ Kg5 62. Qg7+ Kf4 63. Qf7+ {[%mdl 64] Double Attack} Kg4 64. Qg7+ Kf3 {( -> ...Qc2+)} 65. Qxb7+ $2 {[%mdl 8192]} (65. Qf7+ $11 Kg2 66. Qf3+ Kf1 67. Qh1+ Kxf2 68. Qf3+ Kxf3) 65... e4 {Black mates.} 66. Qf7+ {[#]} Kg2 $1 67. Qa2 Qb4 68. Qd2 Qb1+ 69. Qc1 Qb3+ 70. Kd2 Qa2+ 71. Ke3 Qe2+ 72. Kf4 d2 73. Qa3 Qg4+ 74. Ke5 d1=Q 75. b7 Qg7+ 76. Kf4 Qdg4+ {Accuracy: White = 49%, Black = 52%.} 0-1

[Event "FIDE Zonal 2.5 Open 2019"]
[Site "Montevideo"]
[Date "2019.04.13"]
[Round "1.12"]
[White "Moccero, Eduardo"]
[Black "Real De Azua, Ernesto"]
[Result "0-1"]
[WhiteElo "1939"]
[BlackElo "2474"]
[Annotator "TA"]
[PlyCount "58"]
[EventDate "2019.04.13"]
[EventType "swiss"]
[EventCountry "URU"]
[SourceTitle "playchess.com"]
[Source "ChessBase"]
[SourceQuality "1"]

{[%evp 22,58,-31,-37,-37,-37,-40,-39,-35,-66,-63,-62,-70,-62,-67,-73,-75,-66,-80,-75,-75,-208,-166,-170,-164,-171,-136,-248,-251,-253,-251,-247,-243,-234,-227,-252,-256,-317,-328]} 1. d4 Nf6 2. Nf3 g6 3. c4 Bg7 4. Nc3 O-O 5. Bf4 d6 6. h3 Nbd7 7. e3 b6 8. Be2 Bb7 9. O-O Ne4 10. Qc2 Nxc3 {E61: King's Indian: Early deviations for White, including Smyslov System} 11. Qxc3 e5 12. Bh2 {LiveBook: 4 Games} exd4 {Black is slightly better.} 13. exd4 Qf6 14. Rad1 Rfe8 15. Qd2 $146 Re7 16. Rfe1 Rae8 17. b3 Bh6 18. Qxh6 {[#] Black must now prevent Qd2.} Bxf3 $1 19. gxf3 {Hoping for Qd2.} Rxe2 20. Rxe2 Rxe2 $40 {[%mdl 128] Black is out for blood.} 21. Rd2 (21. Kg2 $17) 21... Rxd2 ({Don't take} 21... Qxf3 22. Rxe2 Qxe2 23. Qh4 $17) 22. Qxd2 Qxf3 23. Qg5 Nf6 ({But not} 23... Qxh3 24. Qd8+ Nf8 25. Qxc7 $17) 24. Bf4 (24. Qf4 $17 Qd1+ 25. Kg2) 24... Qd1+ $19 25. Kg2 Qxd4 26. Be3 Qe4+ 27. Kg1 Qe5 28. Qg2 Ne4 29. Bh6 f5 {Accuracy: White = 43%, Black = 93%.} 0-1

[Event "FIDE Zonal 2.5 Open 2019"]
[Site "Montevideo"]
[Date "2019.04.13"]
[Round "1.13"]
[White "Roselli Mailhe, Bernardo"]
[Black "Avedisian, Alexander"]
[Result "1-0"]
[WhiteElo "2454"]
[BlackElo "1898"]
[Annotator "TA"]
[PlyCount "67"]
[EventDate "2019.04.13"]
[EventType "swiss"]
[EventCountry "URU"]
[SourceTitle "playchess.com"]
[Source "ChessBase"]
[SourceQuality "1"]

{[%evp 17,67,39,41,4,33,6,12,10,6,8,54,55,82,60,70,52,109,102,114,118,148,164,151,157,172,161,294,318,318,301,313,300,299,295,304,300,293,287,261,265,321,293,378,349,518,486,516,403,2059,1972,1705,1660]} 1. d4 Nf6 2. c4 g6 3. Nc3 Bg7 4. e4 d6 5. Nf3 O-O 6. Be2 Na6 7. O-O e5 8. Re1 Bg4 9. Be3 {E94: King's Indian: Classical: 6 Be2 e5 7 0-0: Various Black 7th moves} exd4 {LiveBook: 5 Games} 10. Bxd4 (10. Qxd4 Nc5 $15) (10. Nxd4 $5 {[%cal Re2g4]} Bxe2 11. Qxe2 $11 (11. Ndxe2 Ng4 $11)) (10. Nxd4 Bxe2 11. Qxe2 Re8 12. f3 c6 13. Rad1 Nd7 14. Nc2 Qc7 15. Bd4 Rad8 16. Bxg7 Kxg7 {1-0 (40) Nikolov,M (2551)-Theodorou,N (2513) Paleochora 2018}) 10... Nb4 $146 ({Predecessor:} 10... Bxf3 11. Bxf3 Nb4 12. Be3 Nd7 13. Qd2 Nc6 14. Be2 Nc5 15. f3 Ne6 16. f4 Ncd4 {½-½ (30) Hecht,H (2388)-Bjelobrk,I (2399) Queenstown 2006}) 11. h3 {White is slightly better.} Bxf3 $1 12. Bxf3 Nc6 13. Be3 h6 14. Qd2 Kh7 15. Rad1 Re8 16. b3 Qe7 (16... Nd7 $14) 17. g3 $16 Rad8 18. Bg2 g5 19. f4 gxf4 20. gxf4 Rg8 21. Kh2 Nh5 {[#]} (21... Qe8 $142 22. Bf2 Rc8) 22. Nd5 $1 $18 {[%cal Rd5e7]} Qd7 23. Bf3 Nf6 24. e5 Nxd5 25. cxd5 Ne7 26. Qd3+ (26. Bxa7 dxe5 27. fxe5 Ng6 $18) 26... Kh8 27. Bg4 (27. Bxa7 dxe5 28. fxe5 b6 $11) 27... Qe8 28. e6 {[#] Bh5 is the strong threat.} ({Weaker is} 28. Bxa7 dxe5 29. Qe4 (29. fxe5 Rxd5 30. Qc4 Bxe5+ 31. Rxe5 Rxe5 $17) 29... Ra8 $11) 28... fxe6 29. Bxe6 Qh5 30. Rg1 Rdf8 (30... Bf6 {keeps fighting.} 31. Bxg8 (31. Bxa7 Rg7 $18) 31... Rxg8 32. Rxg8+ Kxg8 33. Bxa7 Bg7) 31. Bxg8 Nxg8 32. Rd2 Be5 (32... Ne7 $142 33. Bd4 Bf6 34. Bxf6+ (34. Bxa7 Be5 $18) 34... Rxf6) 33. fxe5 Rf3 34. Rg3 {Precision: White = 83%, Black = 30%.} 1-0

[Event "FIDE Zonal 2.5 Open 2019"]
[Site "Montevideo"]
[Date "2019.04.13"]
[Round "1.14"]
[White "Rodriguez Farias, Eduardo"]
[Black "Lopez Azambuja, Nicolas"]
[Result "0-1"]
[WhiteElo "1898"]
[BlackElo "2328"]
[Annotator "TA"]
[PlyCount "122"]
[EventDate "2019.04.13"]
[EventType "swiss"]
[EventCountry "URU"]
[SourceTitle "playchess.com"]
[Source "ChessBase"]
[SourceQuality "1"]

{[%evp 19,122,10,18,0,4,16,8,0,0,0,0,-26,30,24,39,24,50,52,68,45,63,0,43,20,60,20,56,47,52,38,79,41,98,67,80,78,141,0,0,0,0,-6,0,0,-12,-19,9,0,0,-95,-98,-117,-121,-104,-108,-139,-128,-119,-16,-23,-22,-49,0,0,0,-8,-10,-13,-8,-18,-17,-27,-11,-23,-23,-23,-38,-95,-104,-81,-23,-23,-23,-23,-23,-31,-17,-70,-63,-63,-59,-112,-120,-170,-160,-264,-174,-256,-212,-367,-367,-355,-353,-893,-892]} 1. e4 e6 2. d4 d5 3. e5 c5 4. c3 Nc6 5. Nf3 Bd7 6. Be2 Nge7 7. Na3 Ng6 8. Nc2 cxd4 9. cxd4 Be7 {C02: French: Advance Variation} 10. O-O (10. g3 O-O 11. h4 f6 12. h5 Nh8 13. h6 g6 14. exf6 Bxf6 15. Nh2 Nf7 16. Ng4 Nd6 17. Bf4 {1-0 (51) Delorme,A (2494)-Fier,A (2567) Cannes 2014}) 10... O-O {LiveBook: 6 Games} 11. a3 f6 {The position is equal.} 12. exf6 $146 ({Predecessor:} 12. Bd3 Be8 13. Re1 fxe5 14. dxe5 Rc8 15. Ncd4 Nxd4 16. Nxd4 Qb6 17. Qg4 {1-0 (25) Samsel,M-Nolan,B IECG email 1998}) 12... Bxf6 13. Bd3 Qe8 14. Re1 Qf7 15. Be3 Nge7 (15... e5 $142 16. Bxg6 hxg6) 16. Qd2 Qh5 17. Be2 Qg6 18. Nb4 Nf5 {[%cal Be7f5,Bf5d6,Bd6e4][%mdl 32]} 19. Bd3 Qh5 20. Be2 (20. Nxc6 $14 Bxc6 21. Rac1) 20... Qf7 21. Rac1 Nd6 22. Nd3 Ne4 23. Qc2 Rac8 {Threatens to win with ...Nxd4.} 24. Qd1 g5 25. b4 g4 (25... Qg7 $14) 26. Rxc6 Bxc6 27. Nfe5 Qe7 (27... Qe8 $142) 28. Nxg4 (28. Bxg4 $16 {And now Nf4 would win.} Nc3 29. Qa1 Bxe5 30. Qxc3) 28... Nc3 29. Qd2 Nxe2+ 30. Qxe2 Bb5 31. Bh6 Bxd3 32. Qxd3 Rf7 33. Bf4 Bg7 34. Be5 {[#]} (34. g3 $11 {remains equal.}) 34... Qg5 $1 $17 {[%cal Rg5g4]} 35. h3 h5 36. Bxg7 Rxg7 37. Qe2 Re8 38. Ne3 e5 (38... Rf8 $17 {White should prevent ...Rf4.} 39. g3 Rf4) 39. Qb5 Rd8 40. h4 Qg6 ({And not} 40... Qxh4 41. Nf5 $16) 41. g3 a6 42. Qa5 b6 43. Qxa6 exd4 {[%cal Be5d4,Bd4d3][%mdl 32]} 44. Ng2 ({Not} 44. Nxd5 $2 Qd6 $19) 44... Rf8 {With the idea ...d3.} 45. Qb5 Qf5 46. Qe2 d3 47. Qd2 d4 48. Qa2+ ({Better is} 48. a4 $15) 48... Kh7 {White must now prevent ...Rc8.} 49. Qd2 Rc7 (49... b5 $17) 50. Nf4 $11 Rc2 $36 {[%mdl 2048] Black has the initiative.} 51. Qxd3 Qxd3 52. Nxd3 {[%mdl 4096] Endgame KRR-KRN} Rc3 53. Rd1 (53. Nf4 $11) 53... Rxa3 $15 54. Nf4 Rd8 55. Ne6 (55. Nxh5 $15 Rb3 56. Nf4) 55... Rd6 $17 56. Ng5+ {[#]} Kg6 $1 57. Ne4 (57. Nh3 $17) 57... Rd5 58. Kg2 (58. Ng5 $142) 58... Rb3 59. Rc1 $2 (59. Ng5) 59... d3 $19 {[%cal Bd4d3,Bd3d2][%mdl 32]} 60. Rc6+ Kf5 61. f3 $2 (61. Nd6+ Ke6 62. Ne4+ Ke7 63. Rc7+ Kd8 64. Rc1) 61... d2 {Precision: White = 36%, Black = 47%.} 0-1

[Event "FIDE Zonal 2.5 Open 2019"]
[Site "Montevideo"]
[Date "2019.04.13"]
[Round "1.15"]
[White "Carbone, Diego"]
[Black "Pinero, Ismael"]
[Result "0-1"]
[WhiteElo "2277"]
[BlackElo "1872"]
[Annotator "TA"]
[PlyCount "130"]
[EventDate "2019.04.13"]
[EventType "swiss"]
[EventCountry "URU"]
[SourceTitle "playchess.com"]
[Source "ChessBase"]
[SourceQuality "1"]

{[%evp 16,130,43,38,36,33,52,51,52,18,22,22,20,27,23,10,23,10,24,16,19,18,23,6,57,45,56,49,60,29,31,39,35,33,25,16,21,19,31,0,0,0,0,-1,0,0,0,-14,-4,-4,0,-38,-11,-57,-13,-22,-6,-22,0,0,0,-68,0,0,0,0,0,0,0,0,0,-122,-122,-151,-145,-250,-141,-256,-104,-291,-291,-295,-287,-302,-279,-273,-214,-337,-337,-331,-293,-301,-293,-529,-521,-729,-674,-652,-647,-585,-491,-430,-375,-1001,-949,-29950,-29948,-29953,-29954,-29957,-9162,-29964,-29961,-12819,-6774,-5274,-2114]} 1. d4 Nf6 2. c4 g6 3. g3 Bg7 4. Bg2 d6 5. Nc3 O-O 6. Nf3 a6 7. O-O Nc6 8. b3 e5 9. dxe5 dxe5 {E63: King's Indian: Fianchetto: Panno Variation with 7...a6} 10. Ba3 (10. Bg5 Be6 11. Qc1 Qc8 12. Bh6 Bh3 13. Nd5 Bxg2 14. Kxg2 Ne8 15. Rd1 f6 16. Bxg7 Nxg7 17. Qc3 {1-0 (58) Vaibhav,S (2597)-Merry,A (2435) Douglas 2018}) 10... Qxd1 11. Raxd1 Re8 {White is slightly better.} 12. Nd5 Nxd5 13. cxd5 Nd4 14. Nxd4 exd4 15. Bf3 g5 16. Rfe1 $146 ({Predecessor:} 16. g4 h5 17. h3 hxg4 18. hxg4 {½-½ (34) Restas,P (2195)-Karsai,I (2175) Hungary 1997}) 16... g4 17. Bg2 Bf5 18. Bc5 Bc2 19. Rc1 $1 {[%cal Rc1c2]} d3 (19... Bf5 $11) 20. exd3 $14 Bxd3 21. Be3 Be5 22. Red1 (22. d6 $5 cxd6 23. Bxb7 $14) 22... Bf5 23. d6 c6 $1 24. Bb6 Bd7 $1 25. Bf1 Kg7 26. Bc4 Bf6 27. Kf1 Re5 28. a4 h5 29. Bd4 Re4 30. Bc5 h4 31. Be3 hxg3 32. hxg3 Rae8 33. Bd3 R4e5 34. Rc5 Rh8 35. Ke2 Rhh5 36. Rxe5 Rxe5 37. Rh1 Re6 38. Kf1 (38. Bc4 $11 Re5 39. Bd3) 38... Rxd6 (38... Bc3 $1 $15) 39. Bh6+ $1 $11 Kg8 {[#]} 40. Bh7+ $1 {[%mdl 512]} Kh8 {Hoping for ...Rd1+.} (40... Kxh7 41. Bf8+) 41. Bc2 $1 Kg8 {[#]} 42. Bh7+ $1 {[%mdl 512]} Kh8 {...Rd1+ is the strong threat.} (42... Kxh7 43. Bf8+) 43. Kg2 {[#]} (43. Bc2 $1 $11 Kg8 44. Bh7+ $1 {[%mdl 576] Decoy}) 43... Be6 $1 $17 {[%cal Re6d5]} 44. Be4 Kg8 45. Bf4 (45. Rb1 $17) 45... Rd8 (45... Rd4 $19 46. f3 gxf3+ 47. Bxf3 Rd3) 46. Rh5 (46. Be3 $17 {keeps fighting.}) 46... Bd5 (46... Rd1 $19 {and Black stays clearly on top.} 47. Be3 Bxb3) 47. f3 $2 (47. Bxd5 $17 Rxd5 48. Rxd5 cxd5 49. Kf1) 47... gxf3+ $19 ({Don't play} 47... Bxb3 48. fxg4 Bxa4 49. g5 $19) 48. Kxf3 Bxb3 {Strongly threatening ...Bd1+.} 49. Rf5 Kg7 50. a5 Bd5 51. g4 (51. Bh6+ {was worth a try.} Kxh6 52. Rxf6+ Kg7 53. Rf4) 51... Bxe4+ 52. Kxe4 {[%mdl 4096] Endgame KRB-KRB} Rd4+ 53. Ke3 Rd5 54. Ke4 $2 (54. Rxd5 cxd5 55. Bb8) 54... Rxf5 55. gxf5 {KB-KB} Bd8 56. Bd2 Bc7 57. Bc3+ Kf8 58. Bb4+ Ke8 59. f6 $2 (59. Kd4) 59... Kd7 60. Kf5 b6 61. axb6 Bxb6 62. Ba3 a5 63. Be7 Bd4 64. Ba3 Bc3 65. Bc5 Bb2 {Accuracy: White = 29%, Black = 57%.} 0-1

[Event "FIDE Zonal 2.5 Open 2019"]
[Site "Montevideo"]
[Date "2019.04.13"]
[Round "1.16"]
[White "Zaruski, Julio"]
[Black "Michailov, Matias"]
[Result "0-1"]
[WhiteElo "1842"]
[BlackElo "2264"]
[Annotator "TA"]
[PlyCount "54"]
[EventDate "2019.04.13"]
[EventType "swiss"]
[EventCountry "URU"]
[SourceTitle "playchess.com"]
[Source "ChessBase"]
[SourceQuality "1"]

{[%evp 15,54,25,20,24,20,21,31,10,28,21,47,2,12,-17,10,0,0,-51,-52,-72,-43,-49,0,-93,-91,-139,-128,-219,-231,-236,-123,-406,-156,-243,-235,-739,-641,-29995,-29996,-29998,-29999]} 1. c4 e5 2. g3 Nf6 3. Bg2 Bc5 4. e3 Nc6 5. Nc3 a6 6. Nge2 O-O 7. O-O d6 8. a3 Rb8 9. b4 {A25: English Opening vs King's Indian with ...Nc6 but without early d3} Ba7 10. Bb2 (10. d3 Bd7 11. h3 b5 12. Qc2 Ne7 13. Kh2 Be6 14. cxb5 axb5 15. f4 Nf5 16. Nd1 exf4 17. Nxf4 {½-½ (66) Miezis,N (2524)-Hellsten,J (2564) Mallorca 2004}) 10... Bf5 11. d3 {White is slightly better.} Qd7 12. Rc1 $146 ({Predecessor:} 12. Nd5 Nxd5 13. cxd5 Ne7 14. d4 f6 15. Rc1 Rbc8 16. Qb3 Ng6 17. dxe5 fxe5 18. Nc3 Rf7 19. Ne4 h6 20. f4 exf4 21. gxf4 {0-1 (21) Kuhn,A (1936)-Heidorn,O (2126) Troisdorf 2014}) 12... h6 13. Rc2 Ne7 14. Qd2 c6 15. a4 d5 16. cxd5 (16. c5 $1 $11) 16... cxd5 $15 17. b5 Rfd8 18. Ba3 Ng6 19. Rb2 (19. Rb1 $1 $11 Rbc8 20. b6) 19... Rbc8 $17 20. Na2 Bh3 21. Rfb1 (21. Kh1 $17) 21... Qg4 $19 {White must now prevent ...Bxg2.} 22. f3 {[#]} Qh5 (22... Qg5 $1 $19 23. b6 Bxg2) 23. Rc1 $2 {[%mdl 8192]} (23. b6 $17 Bxg2 24. Kxg2) 23... e4 $2 (23... Rxc1+ $19 24. Naxc1 Bxg2 25. Kxg2 e4) 24. Rxc8 (24. Bxh3 $17 Qxh3 25. b6) 24... Rxc8 25. g4 $2 (25. Bxh3 Qxh3 26. b6) 25... Qh4 {( -> ...Bxe3+!)} 26. Bd6 {[#]} Bxe3+ $1 {[%mdl 576] Deflection, Back Rank} 27. Qxe3 Qe1+ {Accuracy: White = 22%, Black = 39%.} 0-1

[Event "FIDE Zonal 2.5 Open 2019"]
[Site "Montevideo"]
[Date "2019.04.13"]
[Round "1.17"]
[White "Muniz, Rafael"]
[Black "Pena Canapa, Alfredo"]
[Result "1-0"]
[WhiteElo "2257"]
[BlackElo "1811"]
[Annotator "TA"]
[PlyCount "27"]
[EventDate "2019.04.13"]
[EventType "swiss"]
[EventCountry "URU"]
[SourceTitle "playchess.com"]
[Source "ChessBase"]
[SourceQuality "1"]

{[%evp 9,27,81,149,170,293,273,331,315,311,241,756,758,741,687,1027,982,1677,1648,1368,1365]} 1. e4 e5 2. Nf3 Nc6 3. Bc4 Bc5 4. O-O a6 (4... Nf6 5. d3 d6 6. c3 a6 7. a4 O-O 8. Re1 h6 9. h3 a5 10. Nbd2 Be6 11. b3 d5 12. exd5 Nxd5 13. Ne4 Bb6 14. Ra2 f5 15. Ng3 Qf6 16. Nxe5 Nxe5 {½-½ (40) Ding,L (2813)-Anand,V (2773) Wijk aan Zee 2019}) 5. c3 Nf6 (5... d6 $142) 6. d4 $16 {C50: Hungarian Defence and Giuoco Pianissimo} exd4 (6... Bd6 $142 7. Ng5 O-O) 7. cxd4 $18 Ba7 8. e5 {White has a decisive advantage.} Ng8 9. Bg5 $146 ({Predecessor:} 9. d5 Na5 10. Bd3 d6 11. b4 dxe5 12. bxa5 Bg4 13. Qa4+ {1-0 (24) Korompai,B-Kemendi,K Hungary 2006}) 9... f6 $2 {[#]} (9... Nge7 10. d5 h6) 10. exf6 {White is clearly winning.} Nxf6 11. Nc3 b5 12. Bd5 h6 13. Re1+ ({Weaker is} 13. Bxf6 Qxf6 14. Ne5 Bb7 $18) 13... Kf8 14. Nh4 1-0

[Event "FIDE Zonal 2.5 Open 2019"]
[Site "Montevideo"]
[Date "2019.04.13"]
[Round "1.18"]
[White "Barreto Filho, Carlos Alberto"]
[Black "Jodorcovsky Werjivker, Paulo"]
[Result "0-1"]
[WhiteElo "2293"]
[BlackElo "2257"]
[Annotator "TA"]
[PlyCount "54"]
[EventDate "2019.04.13"]
[EventType "swiss"]
[EventCountry "URU"]
[SourceTitle "playchess.com"]
[Source "ChessBase"]
[SourceQuality "1"]

{[%evp 11,54,-14,0,-24,-8,-9,-1,0,0,0,40,61,56,0,0,-27,-21,-28,-30,-38,-43,-39,-2,-2,-6,-87,-100,-193,-185,-235,-234,-248,-254,-257,-11,-964,-955,-1468,-1533,-29989,-29990,-29990,-29991,-29991,-29992]} 1. d4 d5 2. Bf4 Nf6 3. Nf3 c5 4. e3 Nc6 5. c3 e6 6. Bd3 Bd6 7. Ne5 {D02: 1 d4 d5 2 Nf3 sidelines, including 2...Nf6 3 g3 and 2...Nf6 3 Bf4} (7. O-O {with more complications.} Bxf4 8. exf4 cxd4 9. cxd4 Qb6 10. Qd2) (7. O-O O-O 8. dxc5 Bxc5 9. Nbd2 h6 10. b4 Bd6 11. b5 Na5 12. Qa4 b6 13. Rfd1 Bb7 14. Nb3 Nxb3 15. axb3 {0-1 (58) Perelshteyn,E (2515)-Berczes,D (2492) Dallas 2015}) 7... Qc7 {[%cal Rc6e5]} (7... Bxe5 {keeps more tension.} 8. Bxe5 Nxe5 9. dxe5 Nd7 10. f4 c4) 8. Nxc6 {[#] aiming for Bxd6.} Bxf4 9. Nxa7 {The position is equal.} Rxa7 10. exf4 cxd4 $146 ({Predecessor:} 10... Qxf4 11. dxc5 O-O 12. Nd2 e5 13. Qf3 Qxf3 14. gxf3 Nh5 {½-½ (27) Garcia,E (2061)-Romanazzi,B Santa Teresita 2016}) 11. Bb5+ Bd7 12. Bxd7+ ({White should try} 12. Qxd4 $14 Ra5 13. Bxd7+ Qxd7 14. Nd2) 12... Qxd7 $11 13. Qxd4 Ra4 14. b4 Qb5 15. f3 O-O $36 {[%mdl 2048] Black is more active.} 16. Kf2 Qa6 17. a3 $1 Rc8 18. Nd2 (18. g3 $11 {remains equal.}) 18... Rxa3 $17 19. Nb3 (19. c4 $17 {was worth a try.}) 19... Ra2+ $19 20. Kg3 Nh5+ 21. Kh4 g6 22. g4 Ng7 $2 ({Black should play} 22... Rc4 $19 23. Qe5 Rxf4) 23. Kg5 $2 {[%mdl 8192] [#]} (23. Nc5 $11 Rxh2+ 24. Kg3 Rxh1 25. Rxa6 bxa6 26. Kg2) 23... e5 $1 {[%mdl 512]} 24. Qxd5 (24. Qxe5 f6+) 24... Ne6+ {[%mdl 64] Double Attack} 25. Kh6 Rxa1 {Black mates.} 26. Rxa1 Qe2 {[%cal Re2h2]} 27. h4 Qh2 {[%mdl 64] Double Attack. Accuracy: White = 26%, Black = 61%.} 0-1